| 000 | 00788nam a22001937a 4500 | ||
|---|---|---|---|
| 003 | AM-YeHGA | ||
| 005 | 20250617154148.0 | ||
| 008 | 180605s ||||| |||| 00| 0 rus d | ||
| 040 | _aAM-YeHGA | ||
| 041 | 0 | _arus | |
| 100 | 1 | _aТахтаджян, Армен Леонович | |
| 245 | 1 | 0 |
_aМорфологическая эволюция покрытосеменных / _cА.Л. Тахтаджян; Ботан. ин-т АН Арм. ССР. |
| 260 |
_aМосква : _bМоск. о-во испытателей природы, _c1948. |
||
| 300 |
_a301 с. : _bил. |
||
| 653 | 0 | _aПокрытосеменные - Морфология эволюционная | |
| 710 | 2 | _aБотанический институт АН Арм. ССР | |
| 942 |
_2udc _cBK |
||
| 090 | _c408323 | ||
| 999 |
_c406070 _d406070 |
||